000 00751cam a2200241 i 4500
005 20131010051507.0
008 811104c19771976nyu b 000 0 eng d
020 _a0060905875
041 0 _aeng
080 _a159.9
100 1 _aDinnerstein, Dorothy.
245 1 4 _aThe Mermaid and the Minotaur :
_cDorothy Dinnerstein.
250 _a1st Harper colophon ed.
260 _aNew York :
_bHarper & Row,
_c1977, c1976.
300 _axv, 288 p. ;
_c21 cm.
_bme il. :
490 1 _aHarper colophon books ;
_vCN587
500 _aPreface f. : VII-XV
504 _aBibliography: p. 286-288.
650 0 _aPsikologjia
650 0 _2Seksi (Psikologji)
830 0 _aHarper colophon books ;
_vCN587.
942 _2udc
_cBK
999 _c86
_d86